| 000 | 00470nam a2200181Ia 4500 | ||
|---|---|---|---|
| 001 | 1862 | ||
| 003 | IN-NITTTR | ||
| 005 | 20251114232921.0 | ||
| 008 | 251113s9999||||xx |||||||||||||| ||eng|| | ||
| 040 | _beng | ||
| 040 | _cIN-NITTTR | ||
| 041 | _aeng | ||
| 082 | _a620 M22T | ||
| 100 | _aMcLean, W. G. | ||
| 245 | 0 |
_aTheory and problems of engineering mechanics : _b statics and dynamics / _cMcLean, W. G., Nelson, E. W. |
|
| 700 | _a Nelson, E. W. | ||
| 942 |
_2ddc _cBK |
||
| 999 |
_c2668 _d2668 |
||